Atalaya xxi (Record no. 991343)

MARC details
000 -LEADER
fixed length control field 00766nam a2200253Ia 4500
003 - CONTROL NUMBER IDENTIFIER
control field OSt
005 - DATE AND TIME OF LATEST TRANSACTION
control field 20221005083656.0
008 - FIXED-LENGTH DATA ELEMENTS--GENERAL INFORMATION
fixed length control field 221004b |||||||| |||| 00| 0 spa d
020 ## - INTERNATIONAL STANDARD BOOK NUMBER
International Standard Book Number 9789382711100 (pbk)
037 ## - SOURCE OF ACQUISITION
Terms of availability Textual
040 ## - CATALOGING SOURCE
Original cataloging agency CRL
Transcribing agency CRL
Language of cataloging spa
041 ## - LANGUAGE CODE
Source of code spa
Language code of text/sound track or separate title spa
100 ## - MAIN ENTRY--PERSONAL NAME
Personal name Saavedra Juan Alfredo Pinto
9 (RLIN) 312065
245 #0 - TITLE STATEMENT
Title Atalaya xxi
Remainder of title When nature hits back
260 ## - PUBLICATION, DISTRIBUTION, ETC.
Place of publication, distribution, etc. New Delhi
Name of publisher, distributor, etc. Vitasta India
Date of publication, distribution, etc. 2013
300 ## - PHYSICAL DESCRIPTION
Extent 185p.
Dimensions cm.
650 ## - SUBJECT ADDED ENTRY--TOPICAL TERM
Topical term or geographic name entry element SPANISH LITERATURE
9 (RLIN) 37272
942 ## - ADDED ENTRY ELEMENTS (KOHA)
Classification part O123,3N53,AT, 111Q3
Koha item type Textual
Source of classification or shelving scheme
Holdings
Withdrawn status Lost status Damaged status Not for loan Home library Current library Date acquired Source of acquisition Total Checkouts Full call number Barcode Date last seen Price effective from Koha item type
        Central Library Central Library 2022-10-05 Gift, 03/02/2014,   O123,3N53,AT 111Q3 CL1516147 2022-10-05 2022-10-05 Textual
Copyright @ Delhi University Library System